| 000 | 00686nam a22001815i 4500 | ||
|---|---|---|---|
| 001 | 155168 | ||
| 003 | ES-MaACL | ||
| 005 | 20250804063428.0 | ||
| 008 | 010723s1897 sp |||| | spa d | ||
| 040 |
_aCAM _bspa _cCAM |
||
| 100 | 1 |
_aHazañas y La Rúa, Joaquín, _d1862-1934 _962227 |
|
| 245 | 1 | 0 |
_aUniversitarias / _cpor Joaquín Hazañas y la Rua, (Lisardo, el estudiante). |
| 260 |
_aSevilla : _bLib. é Imp. de Izquierdo y compª, _c1897. |
||
| 300 |
_a36 p. ; _c22 cm. |
||
| 650 | 4 |
_aUniversidades- _zEspaña- _yS.XIX. _9151115 |
|
| 852 |
_aES-MaACL _jT-866-F-7 _z-- Enc. hol., conservando la enc. editorial _z-- Ded. ms. del autor al Ateneo |
||
| 999 |
_c155168 _d155168 |
||